SYMPATHETICAE ORATIONES CHRISTO HOMINI DEO QVI In Cruce passus pro omnibus EXPLICATAE. MATRI VIRGINI MARIAE QVAE Ad Crucem compassa prae omnibus DEDICATAE /

Hlavní autor: Müller, Roman, OSB, 1600-1671
Další autoři: Adalbert, OSB, opat v klášteře Seeon, zemř. 1694
Jazyk: Latina
Vydáno: Salisburgi : Sumptibus & Typis Joannis Baptistae Mayr, Typographi Aulici & Academici, 1675
Vydání: Editio Secunda
Témata:
Externí odkaz: Titulní list
Fyzický popis: [14], 444 s., [1] přív. ; 8°
Knihy
Uloženo v:
LEADER 02393nam a2200493 a 4500
001 mzk03001197360
003 CZ BrMZK
005 20140305113315.0
007 ta
008 140305s1675 au f f |||| 0 lat d
040 |a BOA001  |b cze 
072 7 |a 27-5  |x Liturgie. Křesťanské umění a symbolika. Duchovní život  |2 Konspekt  |9 5 
072 7 |a 094  |x Staré tisky  |2 Konspekt  |9 12 
080 |a 27-584  |2 MRF 
080 |a 2-534.3  |2 MRF 
080 |a 025.171  |2 MRF 
080 |a (0.068)094  |2 MRF 
100 1 |a Müller, Roman,  |c OSB,  |d 1600-1671  |7 mzk2012709924  |4 aut 
245 1 0 |a SYMPATHETICAE ORATIONES CHRISTO HOMINI DEO QVI In Cruce passus pro omnibus EXPLICATAE. MATRI VIRGINI MARIAE QVAE Ad Crucem compassa prae omnibus DEDICATAE /  |c AUTHORE ROMANO MÜLLER, Ord. S. Bened. ABBATE Seonensi 
246 3 |a SYMPATHETICAE ORATIONES CHRISTO HOMINI DEO QVI In Cruce passus pro omnibus EXPLICATAE. MATRI VIRGINI MARIAE QUAE Ad Crucem compassa prae omnibus DEDICATAE. AUTHORE ROMANO MÜLLER, Ord. S. Bened. ABBATE Seonensi 
250 |a Editio Secunda 
260 |a Salisburgi :  |b Sumptibus & Typis Joannis Baptistae Mayr, Typographi Aulici & Academici,  |c 1675 
300 |a [14], 444 s., [1] přív. ;  |c 8° 
500 |a Výzdoba: Mědirytinový frontispis, nad impressem tiskařský signet s devízou "Auxilium meum a Domino", iniciály, verzálky, typografické ozdoby, koncová viněta 
561 |a Provenience: Exlibris se studujícím mnichem 
561 |a Provenience: [m.p.] Monasterij Rayhradensis Or. S. Benedicti 1677 
563 |a Pergamenová vazba, dřevěné desky, chybějící spony, modrá ořízka 
600 0 7 |a Ježíš Kristus  |7 ola2002103454  |2 czenas 
650 7 |a duchovní život  |7 ph114375  |2 czenas 
650 7 |a modlitby  |7 ph115341  |2 czenas 
650 7 |a historické knihovní fondy  |7 ph172933  |2 czenas 
655 7 |a staré tisky  |7 fd422076  |2 czenas 
700 0 |a Adalbert,  |c OSB, opat v klášteře Seeon,  |d zemř. 1694 
856 4 1 |u https://imageserver.mzk.cz/mzk03/001/197/360/328100213046.titul.jp2  |y Titulní list 
903 |a RP 
910 |e BOE950  |c R - K. II. f. 2 
978 |b Mayr, Johann Baptist  |a Salzburg  |c 1675 
982 0 |a Rajhrad - benediktinský klášter 
984 |a Salcburk  |b Rakousko 
985 |a 1651-1700 
990 |a BK 
996 |e BOE950  |c R - K. II. f. 2 
980 |c 213046  |g R - K. II. f. 2  |1 328100213046  |p N: 3963 
991 |k rajhrad